Statistics for Poorest Countries in Asia

Click here to take the quiz!

General Stats

  • This quiz has been taken 102 times
  • The average score is 13 of 15

Answer Stats

GDP per CapitaAnswer% Correct
$4,002Cambodia
94%
$2,000Afghanistan
93%
$6,115Laos
93%
$5,374Pakistan
93%
$7,153India
92%
$3,581Bangladesh
90%
$3,146Tajikistan
89%
$2,573Nepal
88%
$1,800North Korea
88%
$7,023Uzbekistan
88%
$5,773Myanmar
86%
$2,476Yemen
82%
$7,025Mongolia
79%
$6,925Vietnam
75%
$3,669Kyrgyzstan
70%

Score Distribution

Percentile by Number Answered

Percent of People with Each Score

Your Score History

You have not taken this quiz